Edafología: para la agricultura y el medio ambiente
保存先:
| 主要な著者: | , , |
|---|---|
| フォーマット: | 図書 |
| 言語: | スペイン語 |
| 出版事項: |
Madrid
Mundi-Prensa
2003
|
| 版: | 3a. ed |
| 主題: | |
| タグ: |
タグ追加
タグなし, このレコードへの初めてのタグを付けませんか!
|
MARC
| LEADER | 00000nam a2200000 a 4500 | ||
|---|---|---|---|
| 001 | UCK6268 | ||
| 003 | CL-VaPUC | ||
| 008 | 050909e20030000SP |||||||||||||||||spa|d | ||
| 020 | |a 8484761487 | ||
| 082 | 0 | 4 | |a 631.4 |b POR |2 21 |
| 100 | 0 | |a Porta Casanellas, Jaime |e author |9 495351 | |
| 700 | 0 | |a López-Acevedo Reguerín, Marta |e author |9 495352 | |
| 700 | 0 | |a Roquero de Laburu, Carlos |e author |9 495353 | |
| 245 | 1 | 0 | |a Edafología: para la agricultura y el medio ambiente |
| 250 | |a 3a. ed | ||
| 300 | |a 929 p | ||
| 942 | |c BK | ||
| 945 | |d 20050909 00:00:00 |a jcarroza | ||
| 260 | |a Madrid |b Mundi-Prensa |c 2003 | ||
| 650 | 0 | |a Suelos |9 260322 | |
| 650 | 7 | |a EDAFOLOGIA |2 CL-VaPUC |9 495354 | |
| 650 | 0 | |a Propiedades del suelo |9 350106 | |
| 650 | 0 | |a Humedad del suelo |9 351599 | |
| 650 | 7 | |a CLASIFICACION DE SUELOS |2 CL-VaPUC |9 495355 | |
| 583 | |a last modification |c 20050909 00:00:00 |k Rodrigo Vera | ||
| 999 | |c 314567 |d 314565 | ||
| 952 | |0 0 |1 0 |4 0 |6 631_400000000000000_POR_2003 |7 0 |8 A |9 386981 |a BIBAGR |b BIBAGR |d 2019-11-22 |i 4157516 |l 2 |o 631.4 POR 2003 |p 4157516 |r 2025-04-07 |s 2025-04-07 |w 2019-11-22 |y BK |k AGR | ||
| 952 | |0 0 |1 0 |4 0 |6 631_400000000000000_POR_2003 |7 0 |8 A |9 386982 |a BIBAGR |b BIBAGR |d 2019-11-22 |i 423510K |l 7 |m 1 |o 631.4 POR 2003 |p 423510K |r 2025-03-31 |s 2025-03-28 |w 2019-11-22 |y BK |k AGR | ||
| 952 | |0 0 |1 0 |4 0 |6 631_400000000000000_POR_2003 |7 0 |8 A |9 386983 |a BIBAGR |b BIBAGR |d 2019-11-22 |i 4235118 |l 5 |m 1 |o 631.4 POR 2003 |p 4235118 |r 2025-01-20 |s 2023-10-23 |w 2019-11-22 |y BK |k AGR | ||
| 952 | |0 0 |1 0 |4 0 |6 631_400000000000000_POR_2003 |7 0 |8 A |9 386984 |a BIBAGR |b BIBAGR |d 2019-11-22 |i 4414934 |l 2 |o 631.4 POR 2003 |p 4414934 |r 2025-04-21 |s 2025-04-17 |w 2019-11-22 |y BK |k AGR | ||